LEADER 01106cam0 22002651 450 001 SOBE00071967 005 20220616075613.0 100 $a20220531d1965 |||||ita|0103 ba 101 $aita 102 $aIT 200 1 $aCritica e fortuna dei Canti di G. Leopardi, con altri studi e postille sulla critica leopardiana contemporanea$fAlberto Frattini 205 $a2. ed. rinnovata ed ampliata 210 $aBrescia$cLa Scuola$d1965 215 $a196 p.$d21 cm 500 10$aCritica e fortuna dei Canti di G. Leopardi$3SOBA00024261$9944920 700 1$aFrattini$b, Alberto$3AF00014746$4070$0191126 801 0$aIT$bUNISOB$c20220616$gRICA 850 $aUNISOB 852 $aUNISOB$jSaggi|G$m176507 912 $aSOBE00071967 940 $aM 102 Monografia moderna SBN 941 $aM 957 $xFondo|Leopardiano$aSaggi|G$b000117$gCON$d176507$n20220524$hFondoLeopardiano$rDono$1rovito$2UNISOB$3UNISOB$420220531074029.0$520220616075613.0$6rovito$fPer le modalità di consultazione vedi homepage della Biblioteca link Fondi 996 $aCritica e fortuna dei Canti di G. Leopardi$9944920 997 $aUNISOB LEADER 00915nas 2200373 c 450 001 9910134897303321 005 20260218112308.0 035 $a(CKB)4210000000000276 035 $a(DE-599)ZDB2802738-3 035 $a(DE-101)1063004667 035 $a(DE-599)2802738-3 035 $a(EXLCZ)994210000000000276 100 $a20141202b19151916 |y | 101 0 $aeng 135 $aur||||||||||| 181 $ctxt$2rdacontent 182 $cc$2rdamedia 183 $acr$2rdacarrier 200 00$aBruno's weekly 210 31$a[New York, NY]$d1915-1916 215 $aOnline-Ressource 300 $aGesehen am 17.12.2018 608 $aZeitschrift$2gnd-content 676 $a800 676 $a700 676 $a792 686 $a9,10$2ssgn 801 0$b0016 801 1$bDE-101 801 2$b9001 906 $aJOURNAL 912 $a9910134897303321 996 $aBruno's weekly$91912373 997 $aUNINA